Analýza nebezpečí a prevence průmyslových havárií I.

Na minha lista:
Detalhes bibliográficos
Main Authors: Bartlová, Ivana (Author), Balog, Karol, 1949- (Author)
Formato: Livro
Idioma:tcheco
Publicado em: Ostrava : Sdružení požárního a bezpečnostního inženýrství, 2007
Edição:2. vyd.
Colecção:Spektrum 7.
Assuntos:
Tags: Adicionar Tag
Sem tags, seja o primeiro a adicionar uma tag!

MARC

LEADER 00000nam a22000003a 4500
001 stu150611
005 20221212133751.0
008 071123s2007----xr------------------cze-d
020 |a 978-80-7385-005-0 
040 |a STU  |b slo 
041 0 |a cze 
044 |a xr 
100 1 |a Bartlová, Ivana  |4 aut  |9 50 
245 1 |a Analýza nebezpečí a prevence průmyslových havárií I. 
250 |a 2. vyd. 
260 |a Ostrava :  |b Sdružení požárního a bezpečnostního inženýrství,  |c 2007 
300 |a 178 s. 
490 1 |a Spektrum  |v 7. 
650 7 |a havárie priemyselné  |2 stusub 
650 7 |a environmentalistika  |2 stusub 
700 1 |a Balog, Karol,  |d 1949-  |4 aut  |u M5000  |9 50  |U MTF Materiálovotechnologická fakulta  |T MTF Ústav bezpečnosti, environmentu a kvality  |X 243  |U M5000  |Y 85  |7 A000000243 
996 |b 284M087502  |c M* 14036-1  |l MMKN  |s A  |a 24  |w stu150611_0001